Language Quiz

Random Language or Sporcle Quiz

The Emerging Crossword Quiz Stats

Quiz Updated Jan 29, 2018

Challenge
Share
Tweet
Score 0/300 Timer 20:00
4 Plays Today
% Correct
3
100%
4
100%
5
100%
6
100%
7
100%
3. The point or moment at which
a race begins.
100%
ACROSS
100%
26
96.1%
37
96.1%
×
96.1%
×
96.1%
Ø4
96.1%
Ø5
96.1%
Ø6
96.1%
Ø7
96.1%
Ø8
96.1%
Ø17
96.1%
Ø18
96.1%
Ø19
96.1%
Ø20
96.1%
Ø27
96.1%
Ø28
96.1%
Ø36
96.1%
Ø46
96.1%
DOWN
96.1%
4. Aikman & Polamalu
96.1%
5. Cash machine
96.1%
7. Waiter's bonus money
96.1%
3. British actor, Peter
96.1%
6. Egyptian sun god
96.1%
S
96%
T
96%
A
96%
R
96%
T
96%
14
95.2%
15
95.2%
Ø3
95.2%
Ø9
95.2%
Ø10
95.2%
Ø11
95.2%
14. Amused or charmed
95.2%
17
94.2%
Ø15
94.2%
Ø16
94.2%
×
94.1%
17. Jewish salutation
94.1%
I
94%
×
93.8%
P
93.8%
T
93.7%
M
93.6%
×
93.4%
A
93.1%
21
91.9%
Ø25
91.9%
Ø26
91.9%
31
91.3%
Ø44
91.3%
1
90.9%
2
90.9%
25
90.9%
36
90.9%
42
90.9%
Ø35
90.9%
Ø54
90.9%
1. Chosen to lead in
Abrahamic religions
90.9%
2. Inflated, intensified
90.9%
15. Small amount, bit
90.9%
O
89.3%
L
89.2%
A
89%
R
88.7%
21. Not happily
88.2%
29
88.2%
S
88%
H
87.9%
27
87.8%
28
87.8%
Ø37
87.8%
Ø38
87.8%
26. Properties, landholdings
87.8%
T
87.6%
×
87.3%
×
87.1%
E
86.9%
Y
86.7%
D
86.5%
L
86.2%
S
86.1%
E
85.4%
8
85.4%
9
85.4%
24
85.4%
18
85.4%
Ø21
85.4%
×
85.3%
9. Port city in Yemen (Gulf of ...)
85.3%
8. Electric guitar pioneer, Paul
85.3%
31. Taiwanese hardware manufacturer
85.1%
% Correct
E
85%
N
85%
D
84.9%
Ø45
84.9%
N
84.8%
×
84.8%
32
84.7%
Ø48
84.7%
Ø47
84.7%
Ø51
84.6%
S
84.6%
37. Site of 1988 Summer Olympics
84.5%
Ø49
84.5%
Ø50
84.5%
A
84.5%
Ø55
84.4%
Ø56
84.4%
Ø57
84.4%
×
84.3%
33
84.3%
32. Picturing, projecting photos
84.3%
×
84.2%
E
84.1%
22
83.6%
Ø63
83.6%
Ø64
83.6%
27. Revolu- or ques- ending
83.6%
22. Spectrum, scope
83.6%
28. Soviet world chess
champion, Mikhail
83.6%
39
83.5%
Ø65
83.5%
29. Latin 'in place', 'in ...'
83.3%
×
83.2%
S
83.2%
43
83.1%
R
83.1%
O
83%
19
82.9%
E
82.9%
T
82.9%
43. American TV channel
82.9%
Ø29
82.7%
38
82.5%
1. Maine
82.5%
M
82.5%
×
82.4%
I
82.4%
23
82.3%
23. American actress, Ryan
82.3%
×
82.3%
I
82.3%
N
82.3%
N
82.2%
S
82%
30
82%
T
81.9%
E
81.8%
×
81.8%
25. Indium
81.8%
36. Helium
81.8%
19. App or small gadget
81.7%
Ø59
81.7%
Ø67
81.7%
H
81.7%
A
81.7%
E
81.7%
38. Spielberg's movie character
81.4%
A
81.1%
L
81.1%
10
81%
11
81%
Ø23
81%
20
80.9%
Ø22
80.9%
18. Underground waste carriers
80.9%
13
80.9%
8. Lamps with handles
and transparent cases
80.8%
E
80.7%
Ø58
80.7%
Ø66
80.7%
Ø32
80.7%
Ø30
80.6%
12
80.6%
Ø1
80.6%
Ø2
80.6%
Ø31
80.6%
Ø34
80.6%
Ø33
80.5%
24. Snowy or resembling snow
80.5%
C
80.5%
U
80.5%
Ø62
80.5%
42. Jekyll
80.5%
D
80.4%
33. New Israeli Shekel
80.4%
I
79.9%
G
79.9%
E
79.9%
Ø42
79.8%
16
79.8%
% Correct
Ø40
79.8%
×
79.7%
S
79.7%
Ø41
79.6%
×
79.6%
×
79.6%
Ø52
79.5%
41
79.5%
S
79.5%
11. Italian dish of rice
79.5%
×
79.5%
T
79.5%
A
79.5%
Ø12
79.5%
10. Rome fountain
79.5%
34
79.3%
30. Impression or hollow in a surface
79.3%
A
79.2%
20. Nevada casino city
79.1%
Ø53
79.1%
Ø14
79%
S
79%
R
79%
G
79%
×
78.9%
L
78.9%
Ø68
78.9%
40
78.9%
44
78.8%
Ø69
78.8%
39. Draws in games
78.8%
44. Texas capital
78.8%
E
78.8%
Ø61
78.8%
35
78.7%
34. von Bismarck's name
78.7%
I
78.7%
Ø24
78.7%
Ø43
78.7%
Ø70
78.7%
13. Cutting instrument
78.7%
W
78.7%
T
78.7%
R
78.7%
16. Olympics governing body
78.6%
Ø13
78.4%
T
78.3%
Ø60
78.2%
E
78.2%
N
78.1%
40. Italian yes
78.1%
R
78.1%
45
78%
41. Belonging to you and me
78%
E
77.8%
35. Men formal wear
77.8%
O
77.8%
T
77.8%
U
77.8%
×
77.8%
12. Negative word
77.8%
S
77.8%
N
77.7%
O
77.7%
O
77.7%
M
77.6%
T
77.6%
O
77.5%
S
77.4%
R
77.4%
D
77.4%
I
77.3%
T
77.3%
U
77.3%
I
77.3%
A
77.2%
45. Extra small
77.2%
N
77.2%
N
77.2%
T
77.2%
E
77%
E
76.9%
M
76.9%
C
76.9%
N
76.9%
O
76.8%
S
76.8%
N
76.5%
X
76.4%
T
76.1%
I
76%
I
76%
S
75.7%
S
75.6%
I
75.6%
×
75%
G
71.6%
V
71.4%
R
71.3%
U
66.8%

You're not logged in!

Compare scores with friends on all Sporcle quizzes.
Sign Up with Email
OR
Log In

You Might Also Like...

Show Comments

Extras

Top Quizzes Today


Score Distribution

Your Account Isn't Verified!

In order to create a playlist on Sporcle, you need to verify the email address you used during registration. Go to your Sporcle Settings to finish the process.

Report this User

Report this user for behavior that violates our Community Guidelines.

Details: